[Event "BL2 Nord 1011 (Women)"]
[Site "Germany"]
[Date "2010.12.05"]
[Round "4.6"]
[White "Wenke, Petra"]
[Black "Swoboda, Julia"]
[Result "1-0"]
[WhiteElo "1365"]
[BlackElo "1095"]
[PlyCount "75"]
[EventDate "2010.11.06"]
[EventType "team-tourn"]
[EventRounds "7"]
[EventCountry "GER"]
[SourceTitle "EXT 2012"]
[Source "ChessBase"]
[SourceDate "2011.11.24"]
[SourceVersion "1"]
[SourceVersionDate "2011.11.24"]
[SourceQuality "1"]
[WhiteTeam "Delmenhorst (W)"]
[BlackTeam "Potsdam USV (W)"]
[WhiteTeamCountry "GER"]
[BlackTeamCountry "GER"]

1. e4 e5 2. Nf3 Nc6 3. d4 exd4 4. Nxd4 Qe7 5. Nc3 d5 6. Nxc6 bxc6 7. Bd3 Nf6 8. Qe2 d4 9. Nd1 Ng4 10. h3 Ne5 11. 0-0 Qf6 12. f3 Bd6 13. f4 Nxd3 14. cxd3 Qg6 15. f5 Qg3 16. Rf3 Qh4 17. Qf2 Qxf2+ 18. Kxf2 Be5 19. b3 h5 20. Bg5 f6 21. Bf4 Bxf4 22. Rxf4 Ba6 23. Nb2 Rb8 24. Rd1 Rb5 25. h4 Kd7 26. g4 hxg4 27. Rxg4 Rh5 28. Rxg7+ Kc8 29. Kg3 Re5 30. Rg6 Re7 31. Rxf6 Rg7+ 32. Kf4 Rxh4+ 33. Ke5 Re7+ 34. Kxd4 Rd7+ 35. Kc3 Bb7 36. Na4 Re7 37. Rf8+ Kd7 38. Nc5+ 1-0

[Event "BL2 Nord 1011 (Women)"]
[Site "Germany"]
[Date "2010.12.04"]
[Round "3.6"]
[White "Swoboda, Julia"]
[Black "Benzen, Marthe"]
[Result "0-1"]
[WhiteElo "1095"]
[BlackElo "1879"]
[PlyCount "114"]
[EventDate "2010.11.06"]
[EventType "team-tourn"]
[EventRounds "7"]
[EventCountry "GER"]
[SourceTitle "EXT 2012"]
[Source "ChessBase"]
[SourceDate "2011.11.24"]
[SourceVersion "1"]
[SourceVersionDate "2011.11.24"]
[SourceQuality "1"]
[WhiteTeam "Potsdam USV (W)"]
[BlackTeam "Kiel Doppelbauer (W)"]
[WhiteTeamCountry "GER"]
[BlackTeamCountry "GER"]

1. e4 e5 2. Nf3 Nc6 3. Bc4 Bc5 4. c3 Nf6 5. Ng5 0-0 6. Qb3 Qe7 7. d3 Nd8 8. 0-0 c6 9. Qd1 d5 10. exd5 cxd5 11. Bb3 Bg4 12. Qe1 h6 13. Nf3 Bd6 14. Qe3 Rc8 15. Re1 Re8 16. h3 Bh5 17. Nh4 d4 18. Qg3 e4 19. Nf5 Bxg3 20. Nxe7+ Rxe7 21. fxg3 Nc6 22. dxe4 Rxe4 23. Rxe4 Nxe4 24. Bf4 g5 25. Bc1 Nxg3 26. Nd2 Ne5 27. Kh2 Ne2 28. Ne4 Kg7 29. Nd6 Rc6 30. Nf5+ Kh7 31. Bd2 dxc3 32. bxc3 Nxc3 33. Ne7 Rc7 34. Bc2+ Bg6 35. Bxg6+ Nxg6 36. Nf5 Ne4 37. Be3 a6 38. Rf1 Rc2 39. Nd4 Rc7 40. Bc1 b5 41. Ba3 Rd7 42. Nc6 Nf4 43. Bb4 Rd3 44. h4 Rg3 45. Kh1 Rg4 46. Be1 f6 47. hxg5 hxg5 48. Ne7 Nxg2 49. Nf5 Nxe1 50. Rxe1 Kg6 51. Ne3 Rf4 52. Ng2 Ng3+ 53. Kg1 Ra4 54. Re3 Nf5 55. Re2 Nd4 56. Re4 f5 57. Re8 Rxa2 0-1

[Event "Potsdam Christmas 34th"]
[Site "Potsdam"]
[Date "2009.12.27"]
[Round "2.27"]
[White "Swoboda, Julia"]
[Black "Petrak, Falk"]
[Result "1-0"]
[WhiteElo "1097"]
[BlackElo "1747"]
[PlyCount "57"]
[EventDate "2009.12.27"]
[EventType "swiss"]
[EventRounds "7"]
[EventCountry "GER"]
[SourceTitle "EXT 2022"]
[Source "ChessBase"]
[SourceDate "2021.10.06"]
[SourceVersion "1"]
[SourceVersionDate "2021.10.06"]
[SourceQuality "1"]

1. e4 e6 2. d4 d5 3. Nc3 Nf6 4. e5 Nfd7 5. Nf3 c5 6. Bb5 Nc6 7. Be3 cxd4 8. Nxd4 Ncxe5 9. Qh5 Qf6 10. Bg5 Nd3+ 11. cxd3 Qxd4 12. 0-0 a6 13. Rfe1 e5 14. Be3 Qb4 15. Qxe5+ Qe7 16. Bc5 Qxe5 17. Rxe5+ Kd8 18. Bxd7 Bxc5 19. Bxc8 Rxc8 20. Rxd5+ Ke7 21. Re1+ Kf8 22. Rd7 g6 23. Rxb7 Kg7 24. Nd5 Bd4 25. g3 Rc2 26. Ne3 Rd2 27. Rb3 Rc8 28. Kf1 Bxb2 29. Nc4 1-0

[Event "Potsdam Christmas 34th"]
[Site "Potsdam"]
[Date "2009.12.27"]
[Round "1.26"]
[White "Von Bassewitz, Ingo"]
[Black "Swoboda, Julia"]
[Result "1-0"]
[WhiteElo "1941"]
[BlackElo "1097"]
[PlyCount "73"]
[EventDate "2009.12.27"]
[EventType "swiss"]
[EventRounds "7"]
[EventCountry "GER"]
[SourceTitle "EXT 2022"]
[Source "ChessBase"]
[SourceDate "2021.10.06"]
[SourceVersion "1"]
[SourceVersionDate "2021.10.06"]
[SourceQuality "1"]

1. e4 c6 2. d4 d5 3. Nc3 dxe4 4. Nxe4 Bf5 5. Ng3 Bg6 6. Nf3 Nd7 7. Bd3 Bxd3 8. Qxd3 e6 9. 0-0 Ngf6 10. Bg5 Be7 11. c3 0-0 12. b4 b6 13. Rfd1 Qc7 14. Bxf6 Nxf6 15. Ne4 Rfd8 16. Nxf6+ Bxf6 17. Qe3 Rac8 18. Rac1 c5 19. g3 Qe7 20. dxc5 Rxd1+ 21. Rxd1 bxc5 22. b5 c4 23. Ne5 Bxe5 24. Qxe5 Qa3 25. Qd6 Qa5 26. Qa6 Qxa6 27. bxa6 Kf8 28. Rd7 Ra8 29. Rc7 h6 30. Rxc4 Rb8 31. Rc7 Ra8 32. Kg2 f5 33. Kf3 e5 34. g4 g6 35. gxf5 gxf5 36. Rh7 Rc8 37. Rh8+ 1-0